[Event "USA-ch"]
[Site "Seattle"]
[Date "2003.01.16"]
[Round "7"]
[White "Goldin, Alexander"]
[Black "Mulyar, Michael A"]
[Result "1-0"]
[WhiteElo "2621"]
[BlackElo "2446"]
[Annotator "Huebner,R"]
[PlyCount "121"]
[EventDate "2003.01.09"]
[EventType "swiss"]
[EventRounds "9"]
[EventCountry "USA"]
[SourceTitle "CBM 093"]
[Source "ChessBase"]
[SourceDate "2003.04.01"]
[SourceVersion "1"]
[SourceVersionDate "2003.04.01"]
[SourceQuality "1"]

1. Nf3 Nf6 2. c4 c6 3. d4 d5 4. e3 a6 5. Bd3 g6 6. O-O Bg7 7. Nbd2 O-O 8. Qc2
Nbd7 9. b3 c5 10. Bb2 b6 11. Rfd1 Bb7 12. Rac1 ({Nach} 12. e4 dxe4 13. Nxe4
Nxe4 14. Bxe4 Bxe4 15. Qxe4 e6 16. Rd2 Qc7 {sollte Schwarz Ausgleich erzielen
können.}) 12... e6 13. Be2 Qe7 14. dxc5 bxc5 15. Ne5 Rac8 (15... Nxe5 16. Bxe5
Rac8 {ist wohl ein wenig genauer.}) 16. Bf3 ({In Betracht kommt} 16. Nxd7 Nxd7
(16... Qxd7 17. cxd5 exd5 18. Ba3 $16) 17. Bxg7 Kxg7 18. Nf3 {mit einigem
Stellungsvorteil für Weiß.}) 16... Rfd8 17. Nxd7 Qxd7 18. Be5 Qe7 19. Bc3 $6 {
Weiß spielt diese Partiephase nicht besonders ideenreich.} (19. Qb2 {mutet
natürlicher an.}) 19... d4 20. exd4 cxd4 21. Ba5 Re8 22. Bxb7 Qxb7 23. c5 Qc6
$6 (23... Qb5 {ist genauer.}) 24. b4 $6 (24. Nc4 Qxc5 25. Bb6 Qh5 26. Bxd4 {
gibt dem Weißen das etwas bessere Spiel.}) 24... e5 $6 ({Nach} 24... Nd5 {
erhält Schwarz einigen Vorteil.}) 25. Nc4 Re6 (25... Bh6 26. Ra1 Nd5 {sieht
ansprechender aus.}) 26. Nb6 Rce8 27. Qc4 {Nun ist Schwarz in Schwierigkeiten,
weil er den Bauern auf a6 nicht mehr auf befriedigende Weise schützen kann:} e4
$5 (27... Ne4 28. a4 Nc3 29. Rxc3 dxc3 30. b5 {ist kein Honiglecken für
Schwarz.}) 28. Qxd4 $6 ({Mit} 28. Rxd4 e3 29. f3 e2 30. Re1 Bh6 31. f4 {
fährt Weiß wohl besser.}) 28... e3 29. f3 (29. fxe3 {ist zu gefährlich:} Rxe3 (
29... Bh6 30. Nc4 Rxe3 31. Qd6 {ist hoffnungslos für Schwarz.}) 30. Qd6 (30.
Qf4 Re2 31. Qf1 (31. Qf3 Qxf3 32. gxf3 Bh6 33. Rc4 Rxa2 {ist ungünstig für Weß.
}) 31... Bh6 {gibt dem Schwarzen eine gefährliche Initiative in die Hand.})
30... Qe4 31. Rf1 (31. c6 {scheitert an} Ng4) 31... Re2 32. Qg3 Qd4+ 33. Kh1
Ne4 {und Schwarz gewinnt.}) 29... e2 30. Re1 Bh6 31. Rc3 (31. f4 {ist jetzt
unzuträglich:} Re4 32. Qd3 Bxf4 33. Rc2 Ng4 {und Schwarz gewinnt.}) 31... Be3+
32. Rxe3 Rxe3 33. Nc4 R3e6 34. Nd6 Rb8 35. Qf4 $6 (35. Qd2 Nd7 36. Ne4 (36.
Rxe2 $2 Nxc5) 36... Rbe8 37. Nd6 {mit Ausgleich, denn} R8e7 {wird mit} 38. Bd8
{widerlegt.}) 35... Rf8 (35... Qd5 {gibt dem Schwarzen Vorteil.}) 36. Qd2 Qd5
37. Rxe2 Rxe2 38. Qxe2 Qd4+ 39. Qf2 Qa1+ 40. Qf1 Qxa2 (40... Qd4+ 41. Kh1 Nd5
42. a3 Qc3 {ist ebenfalls gut genug.}) 41. Qxa6 Nd5 42. Qd3 Qa1+ 43. Qf1 Qd4+
44. Qf2 (44. Kh1 {wird mit} Nxb4 {beantwortet.}) 44... Qa1+ 45. Qf1 Qd4+ 46.
Qf2 Ne3 $2 {Dies ist ein Urteilsfehler; Schwarz steht nicht besser.} (46...
Qa1+ $11) 47. Kh1 h5 48. h4 $6 {Dies verursacht Schwächen.} (48. Qg1 {bietet
Gewinnaussichten.}) 48... f5 $6 (48... Qa1+ 49. Qg1 (49. Kh2 Qe5+ 50. g3 Qd4
51. Qe2 Rb8 $11) 49... Nf1 $11) 49. Qe1 f4 $2 {Es muß falsch sein, die
Beobachtung des Bauern auf h4 aufzugeben und dem Springer des Weißen den
prächtigen Stützpunkt e4 einzuräumen.} ({Nach} 49... Rb8 50. Kh2 Kh7 {ist die
Stellung in etwa ausgeglichen.}) (49... Kh7 50. Nb5 {ist weniger genau.}) 50.
Qc1 Qf6 51. Ne4 Qxh4+ 52. Kg1 Nf5 {Die Überführung des Springers nach g3
bietet kein zureichendes Gegenspiel, weil Weiß verhindern kann, daß Schwarz
mit dem f-Bauern auf g3 wiederschlägt. Es gibt allerdings vermutlich keine
zureichende Verteidigung mehr, zum Beispiel:} (52... Re8 53. c6 Ng4 54. fxg4
Rxe4 55. b5 f3 56. Qd2 fxg2 (56... Qxg4 57. Qd8+ Kg7 58. Qd7+ {und Weiß
gewinnt.}) 57. Qd8+ Qxd8 58. Bxd8 {und Weiß gewinnt.}) (52... Ra8 53. c6 Qe7
54. c7 Qe6 55. b5 Nc4 (55... Qc4 56. Qxc4+ Nxc4 57. Bd2 {sieht hoffnungslos
für Schwarz aus.}) 56. Qxf4 Nxa5 57. Qd6 Qf5 58. Qd8+ Qf8 59. Qd5+ Kg7 (59...
Kh8 60. b6 {und Weiß gewinnt:} Nb7 61. Qxb7 Ra1+ 62. Kf2 Ra2+ 63. Kf1 Ra1+ 64.
Ke2 Ra2+ 65. Kd3 Ra3+ 66. Nc3 {und dem Schwarzen werden die Schachs bald
ausgehen.}) 60. Kf2 ({Nach} 60. b6 Qb4 {droht Schwarz Dauerschach.}) 60... h4
61. Qd4+ Kh6 62. Nd6 {und Weiß wird schließlich gewinnen.}) ({Am zähesten ist
die Verteidigung} 52... Qe7 53. b5 Qe6 {doch dürfte nach} 54. Qb1 {auf die
Dauer gegen das Bauernpärchen des Weißen kein Kraut gewachsen sein.}) 53. b5
Ng3 54. Qc4+ Kh7 55. Nxg3 Qxg3 56. Bc3 Qg5 57. c6 h4 58. Qd4 Qe7 59. b6 h3 60.
Qd7 Qxd7 61. cxd7 1-0

[Event "Recklinghausen"]
[Site "Recklinghausen"]
[Date "1997.??.??"]
[Round "1"]
[White "Halasz, Tamas"]
[Black "Keitlinghaus, Ludger"]
[Result "1/2-1/2"]
[WhiteElo "2385"]
[BlackElo "2525"]
[Annotator "Huebner,R"]
[PlyCount "80"]
[EventDate "1997.07.??"]
[EventType "tourn"]
[EventRounds "9"]
[EventCountry "GER"]
[EventCategory "8"]
[SourceTitle "CBM 060 Extra"]
[Source "ChessBase"]
[SourceDate "1997.11.04"]
[SourceVersion "1"]
[SourceVersionDate "1997.11.04"]
[SourceQuality "1"]

1. d4 {King} d5 2. c4 c6 3. e3 Bf5 4. Nc3 e6 5. Nf3 Nd7 6. Qb3 (6. a3 Ngf6 7.
b4 Bd6 8. Bb2 a6 9. h3 h6 10. Bd3 Bxd3 11. Qxd3 O-O 12. O-O dxc4 13. Qxc4 e5
14. a4 Rc8 15. Qb3 e4 16. Nd2 Re8 17. Rfd1 Qe7 18. Ba3 Nf8 19. Nc4 Bb8 20. b5
Qe6 {Krutti,V-Donka,P/HUN-chT 1994/TD 94\03/1-0 (48)}) 6... Qb6 7. c5 Qxb3 (
7... Qc7 8. Bd2 (8. Nh4 Bg4 9. h3 Bh5 10. g4 Be7 11. Nf5 exf5 12. gxh5 Ngf6 13.
Be2 Ne4 14. Nxe4 fxe4 15. Bd2 O-O 16. O-O-O b6 17. cxb6 axb6 18. Kb1 Ra7 19.
Bb4 c5 20. dxc5 bxc5 21. Bc3 Nf6 22. Rxd5 Rb8 {Meduna,E-Rasmussen,K/Manila olm
1992/TD 92\02/0-1 (55)}) 8... Ngf6 9. Rc1 h6 10. Qa4 Be7 11. b4 O-O 12. Be2 Ne4
13. Nxe4 dxe4 14. Ne5 Nxe5 15. dxe5 Qxe5 16. Bc3 Qc7 17. g4 Bg6 18. h4 a6 19.
Qb3 Rfd8 20. Qb2 Bf8 21. h5 Bh7 22. g5 {Chemes,L-Fenoglio,V/ARG-ch Buenos
Aires 1959/MCD-ch/0-1 (35)}) 8. axb3 a6 9. b4 Rb8 10. Nh4 Bc2 11. Kd2 Bg6 12.
Nxg6 hxg6 13. Bd3 e5 14. f3 Be7 15. Kc2 Bf6 16. dxe5 (16. Ne2 $5) 16... Nxe5
17. Be2 Ne7 (17... g5 $5) 18. Bd2 Rd8 $6 (18... g5 $5) 19. g4 {King: (Piece
versus pawns) If Black isn't careful he could be over-run by White's pawns, so
he makes a practical decision to give up a piece.} g5 $2 (19... Bh4) 20. h4
gxh4 {'!' King.} 21. g5 Bxg5 22. f4 Bf6 23. fxe5 Bxe5 {King: Black has three
pawns for the piece, but the odds must be in White's favour.} 24. e4 $2 (24.
Rag1 {sieht mir stärker aus; meines Erachtens hat Weiß beachtlichen Vorteil.})
({If} 24. Rag1 {King} Nf5 {keeps White busy.}) 24... d4 25. Nd1 Bg3 {King: A
good move. White was hoping to play Nf2-d3 which would strengthen his position
greatly, but Black prevents that and prepares to bring his knight into the
game.} 26. Ra3 ({White gets a bit confused. How about} 26. b3 {King} Ng6 27.
Nb2 Ne5 (27... h3 28. Rag1 Bc7 29. Nd3 h2 30. Rg2) 28. Rag1 {- winning! - for
example?  Not forced, but playing b3 and Nb2 keeps White's forces coordinated.}
) 26... Ng6 27. Rg1 Ne5 28. Rg2 Ke7 29. Nf2 Bxf2 30. Rxf2 f6 31. Bf4 Rdf8 32.
Rg2 g5 33. Bxe5 fxe5 34. Rxg5 h3 35. Rxe5+ Kd8 36. Rf5 (36. Ra1 h2 37. Rh1 Rf2
38. Kd2 Rh3 {überläßt dem Schwarzen ausreichendes Gegenspiel.}) (36. Rh5 Rxh5 (
36... h2 $2 37. Rah3 $18) 37. Bxh5 Rf2+ 38. Kd3 Rf1 {stürzt den Weißen in böse
Perikeln.}) 36... Rxf5 37. exf5 h2 38. Bf3 h1=Q 39. Bxh1 Rxh1 40. Rd3 Rf1
1/2-1/2

[Event "RUS-Cup10"]
[Site "Tomsk"]
[Date "1997.07.31"]
[Round "9"]
[White "Filippov, Valerij"]
[Black "Ulybin, Mikhail"]
[Result "1-0"]
[WhiteElo "2535"]
[BlackElo "2535"]
[Annotator "Huebner,R"]
[PlyCount "83"]
[EventDate "1997.07.21"]
[EventType "swiss"]
[EventRounds "9"]
[EventCountry "RUS"]
[SourceTitle "EXT 2000"]
[Source "ChessBase"]
[SourceDate "1999.11.16"]
[SourceVersion "1"]
[SourceVersionDate "1999.11.16"]
[SourceQuality "1"]

1. Nf3 d5 2. d4 Bf5 3. c4 e6 4. Nc3 c6 5. Qb3 Qb6 6. c5 Qc7 7. Bf4 Qc8 8. e3
Be7 (8... Nf6 9. Be2 Be7 10. O-O O-O 11. Qd1 Nbd7 12. b4 a6 13. a4 Ne4 14. Qb3
Nxc3 15. Qxc3 Be4 16. b5 Bxf3 17. Bxf3 axb5 18. axb5 Rxa1 19. Rxa1 e5 20. Bg3
exd4 21. exd4 Nf6 22. bxc6 bxc6 23. Ra7 {Gulko,B-Gurevich,M/Moscow rapid 1992/
EXT 92/1-0 (49)}) 9. Qd1 (9. Be2 h6 (9... Nd7 10. O-O h6 11. Qa4 Ngf6 12. b4 a6
13. Qb3 O-O 14. a4 Ne4 15. Nxe4 Bxe4 16. b5 Bf6 17. bxa6 bxa6 18. Bd6 Re8 19.
Ne5 Bd8 20. a5 f6 21. Nxd7 Qxd7 22. Bh5 g6 23. Be2 e5 24. dxe5 fxe5 25. Ra4 Kh7
26. Rb4 Ra7 27. Rb6 Bf5 28. Rd1 Qc8 29. Rb8 Qd7 30. Bxa6 Bc7 31. Rb7 Rb8 {
1-0 Khenkin,I-Sprotte,N/Nuernberg Weilburg op 1996/EXT 96op2}) 10. Qd1 Nf6 11.
h3 Nbd7 12. b4 O-O 13. O-O b6 14. a3 a5 15. Bh2 axb4 16. axb4 Qb7 17. Qd2 Rfc8
18. Rfc1 Bh7 19. Qd1 bxc5 20. bxc5 Qb4 21. Ba6 Re8 22. Ra4 Qb2 23. Ra2 Qb4 {
Shumiakina,T-Tomescu,V/Bucharest schev 1993/EXT 93/1-0 (44)}) (9. h3 Nf6 10.
Be2 Ne4 11. O-O Nd7 12. Nxe4 Bxe4 13. Qc3 a5 14. b3 O-O 15. a3 Re8 16. b4 Bf6
17. Bd6 Bd8 18. b5 Bc7 19. bxc6 bxc6 20. Ne5 Nxe5 21. dxe5 Qb7 22. Bd3 Bxd3 23.
Qxd3 Reb8 {Khenkin,I-Bagirov,V/Copenhagen op 1993/EXT 93op/1-0 (68)}) 9... Nd7
10. b4 a6 $6 {Dieser Zug scheint mir unnötig passiv zu sein; er läßt eine
Schwäche auf b6 entstehen und benimmt dem Schwarzen die Möglichkeit zu
dynamischen Gegenreaktionen am Damenflügel.} ({Die Fortsetzungen} 10... b6 $5 {
oder}) (10... Ngf6 $5 {gefallen mir besser.}) 11. Ne5 Nxe5 $6 (11... Ngf6 {
sieht natürlicher aus:} 12. g4 Nxe5 13. gxf5 (13. dxe5 Nxg4 14. h3 (14. Rg1 g5)
14... Nh6 15. Rg1 Bg6) 13... Nc4 14. fxe6 Qxe6 15. Rg1 g6 16. Qf3 Nh5 {mit
scharfem Kampf.}) 12. Bxe5 f6 ({Jetzt ist die Fortsetzung} 12... Nf6 {nicht
mehr ganz befriedigend:} 13. Na4 Bd8 (13... Nd7 14. Bxg7 {ist natürlich nicht
im Sinne des Schwarzen.}) 14. Bxf6 gxf6 15. Be2 {mit besserer Stellung für
Weiß.}) 13. Bf4 Bd8 14. Na4 Ne7 15. Be2 Bc7 16. Nb6 {Dies ist zweischneidig.} (
16. O-O e5 17. Bg3 $14) 16... Bxb6 17. cxb6 Qd7 18. O-O O-O 19. a4 Nc8 ({
Die Fortsetzung} 19... Ng6 {überläßt dem Weißen die Initiative:} 20. Bc7 e5 21.
b5 {usw.}) 20. Bc7 Nd6 21. Qc1 e5 {Auf diese Weise wird die Stellung geöffnet;
das gereicht dem Besitzer des Läuferpaares zum Nutzen. Dennoch glaube ich, daß
der Zug nicht zum Verlust führen sollte.} (21... Ne8 22. Bg3 Nd6 {kam auch in
Betracht.}) 22. dxe5 fxe5 23. b5 cxb5 24. axb5 Nxb5 (24... axb5 25. Ra7 (25.
Qc5 Ne4 26. Qxb5 Qxb5 27. Bxb5 Nc3 {ist nicht im Sinne des Weißen.}) 25... Rxa7
26. bxa7 Ra8 27. Bb8 Nc8 {sieht für Schwarz zwar äußerst verdächtig aus, ist
aber nicht ohne weiteres zu widerlegen.}) 25. Bxe5 Rac8 26. Qd1 Qe6 (26... Rfe8
27. Bxb5 (27. Bd4 Nxd4 28. Qxd4 Re4 $11) 27... Qxb5 28. Bc7 Bd3 {führte zu
einer ausgeglichenen Stellung.}) 27. Bd4 Nxd4 (27... Nc3 28. Bxc3 Rxc3 29. Qd4
{kommt ungefähr auf das Gleiche hinaus wie die Partiefortsetzung.}) 28. Qxd4
Rc6 $6 (28... Rc2 $11) 29. Ra5 Qf6 30. Rxd5 Qxd4 31. Rxd4 Rxb6 32. Rc1 Be6 (
32... Rb2 33. Bc4+ Kh8 {kommt in Betracht, denn} 34. Rf4 {kann mit} g5 {
beantwortet werden.}) 33. f4 g6 $2 {Dies gefällt mir überhaupt nicht; den
Türmen des Weißen wird Raum geboten und die schwarzen Felder am Königsflügel
geschwächt.} (33... Rb3 {sollte geschehen:} 34. Kf2 Rb2 {Schwarz braucht
keineswegs zu verlieren. Nach dem Textzug wird seine Lage schwierig.}) 34. Bf3
Kg7 (34... h5 $5) 35. g4 Rf7 36. Kf2 {Jetzt ist es schon sehr schwer, etwas
Wirksames gegen die Drohung 37.Kg3 nebst 38.e4 zu finden.} Rb3 37. Rd6 Re7 38.
e4 Bd7 39. f5 Rf7 40. Rc7 Bc6 41. f6+ Kf8 42. Rd8+ $2 (42. Rd8+ Be8 43. Rcc8
Rxf6 $13) (42. Rcxc6 $142 $1 $18 bxc6 $2 43. Rd8#) 1-0

[Event "Asia-ch 5th"]
[Site "Hyderabad"]
[Date "2005.10.09"]
[Round "4"]
[White "Wang, Yue"]
[Black "Abdulla, Al Rakib"]
[Result "1-0"]
[WhiteElo "2585"]
[BlackElo "2466"]
[Annotator "Huebner,R"]
[PlyCount "51"]
[EventDate "2005.10.05"]
[EventType "swiss"]
[EventRounds "9"]
[EventCountry "IND"]
[SourceTitle "CBM 110"]
[Source "ChessBase"]
[SourceDate "2006.01.31"]
[SourceVersion "1"]
[SourceVersionDate "2006.01.31"]
[SourceQuality "1"]

1. Nf3 d5 2. d4 Nf6 3. c4 c6 4. e3 Bg4 5. h3 Bh5 6. cxd5 Bxf3 7. Qxf3 cxd5 8.
Nc3 Nc6 9. Bd3 a6 10. Qe2 Rc8 11. O-O e6 12. Bd2 Be7 13. Rac1 O-O 14. f4 Na5 (
14... b5 15. g4 Ne8 16. a4 b4 17. Nd1 a5 18. f5 Nd6 19. fxe6 fxe6 20. Rxf8+
Bxf8 21. Nf2 $11 {1-0 Tukmakov,V-Arkhangelsky,B/Biel 2003/CBM 095 ext (58). 
(57)}) 15. f5 Nc4 16. Be1 b5 17. fxe6 fxe6 18. a4 Qd7 19. axb5 axb5 20. Bh4 b4
21. Bxf6 Bxf6 $6 ({Nach} 21... Rxf6 22. Rxf6 (22. Ne4 Rxf1+ 23. Rxf1 Nxb2 $11)
22... gxf6 (22... Bxf6 23. Ne4 dxe4 24. Bxc4 {überläßt dem Weißen Vorteil,
denn auf} Bg5 {folgt} 25. h4 Bh6 26. g4 Qd6 27. Kg2) 23. Nd1 Nd6 {ist die
Verteidigungsaufgabe des Schwarzen nicht schwer.}) 22. Ne4 Nd6 $2 {Schwarz
sollte den Springer des Weißen nicht auf c5 zulassen. Nach} (22... dxe4 23.
Bxc4 Bg5 {hat er Aussichten, sich erfolgreich zu verteidigen.} 24. h4 {ist
hier nicht wirksam; Schwarz antwortet} Rxf1+) 23. Rxc8 Nxc8 24. Nc5 Qe7 25. Qh5
g6 (25... h6 {ist unzureichend:} 26. Qg6 Qd6 27. Kh1 Ne7 28. Qh7+ Kf7 29. e4 {
, und Weiß gewinnt.}) 26. Qg4 {Schwarz gibt zu früh auf. Nach 26...Kf7 muß
Weiß den Sieg erst noch erarbeiten.} 1-0

[Event "FIDE-Wch k.o."]
[Site "Tripoli"]
[Date "2004.06.24"]
[Round "3.2"]
[White "Kozul, Zdenko"]
[Black "Rublevsky, Sergei"]
[Result "1-0"]
[WhiteElo "2627"]
[BlackElo "2671"]
[Annotator "Huebner,R"]
[PlyCount "93"]
[EventDate "2004.06.19"]
[EventType "k.o."]
[EventRounds "7"]
[EventCountry "LBY"]
[SourceTitle "CBM 102"]
[Source "ChessBase"]
[SourceDate "2004.09.23"]
[SourceVersion "1"]
[SourceVersionDate "2004.09.23"]
[SourceQuality "1"]

1. d4 d5 2. c4 c6 3. Nf3 Nf6 4. e3 a6 5. Nbd2 Bf5 6. Be2 e6 7. O-O Bd6 8. c5 {
Weiß beschließt, am Damenflügel raumgreifend vorzugehen.} Bc7 9. b4 Nbd7 10.
Bb2 Ne4 11. a4 Qf6 12. Nxe4 dxe4 13. Nd2 Qh6 14. g3 Nf6 15. b5 Qh3 16. b6 Bd8 (
16... Ng4 17. Bxg4 Bxg4 18. f3 exf3 19. Nxf3 Bd8 {führt ebenfalls zu einer
etwa ausgeglichenen Stellung.}) 17. f3 h5 18. Nxe4 $2 ({Nach} 18. Rf2 exf3 19.
Bf1 Qg4 20. Nc4 (20. Qxf3 $11) 20... Ne4 21. Rxf3 {entsteht eine unklare
Stellung, in der Weiß nicht schlechter stehen dürfte.}) 18... Bxe4 19. Rf2 $5 (
19. fxe4 h4 20. g4 (20. Qe1 Nxe4 {bringt keine Erleichterung.}) 20... Qxe3+ 21.
Kg2 Nxe4 {ist nicht aussichtsreicher.}) 19... Ng4 20. Qe1 (20. fxe4 Nxf2 21.
Kxf2 Qxh2+ {ist natürlich ganz hoffnungslos für Weiß.}) 20... Nxf2 21. Qxf2 Bg6
22. Bf1 (22. e4 {ist bietet keine besseren Aussichten, zum Beispiel:} e5 23. d5
cxd5 24. exd5 Qd7 25. Bxe5 f6 26. Bd6 ({Nach} 26. Bf4 Qxd5 27. Qe3+ Kf8 28. Rd1
Qc6 {konsolidiert sich Schwarz.}) 26... Bxb6 {, und Schwarz gewinnt.}) 22...
Qf5 23. e4 Qg5 24. f4 Qe7 25. f5 Bh7 26. d5 O-O (26... cxd5 {sieht einfacher
aus; die Bauernstruktur des Weißen löst sich auf.} 27. exd5 (27. Bxg7 Rg8 28.
f6 Qd7 29. exd5 Qxd5 {usw.}) 27... Bxf5 {usw.}) 27. dxc6 bxc6 28. Be5 Qd7 29.
Bd6 Be7 30. Rd1 Rfd8 $6 (30... exf5 $19) 31. Qf4 Bxd6 (31... exf5 $19) 32. Rxd6
Qe7 (32... Qe8 $5) 33. Rxc6 Rd7 $6 {Es scheint, daß Schwarz sich aus
unbekannten Gründen vorgenommen hat, auf den Zug e6xf5 ein für allemal zu
verzichten.} 34. Bxa6 $5 (34. fxe6 $5 fxe6 35. Bc4 {kommt auch in Betracht.})
34... exf5 {Jetzt schlägt Schwarz doch zu!} 35. Rc7 g5 $2 {Danach kann Schwarz
nicht mehr gewinnen. Es gibt mindestens zwei Möglichkeiten, zum Erfolg zu
gelangen:} (35... Rd1+ 36. Kg2 Qe6 37. Be2 (37. b7 Qxa6 38. bxa8=Q+ Qxa8 39. c6
Rd8 {und Schwarz gewinnt}) 37... Qa2 38. Qf2 Rd2 39. b7 Rf8 40. Rc8 Rb2 41. c6
({Nach} 41. Rxf8+ Kxf8 42. Qd4 Rxe2+ 43. Kf1 Rf2+ 44. Qxf2 Qb1+ {sollte
Schwarz mühelos gewinnen.}) 41... f4 42. Qxf4 Bxe4+ 43. Kf1 Rxe2 44. Rxf8+ Kh7
45. Rh8+ Kg6 {mit entscheidendem Angriff.}) (35... Rad8 36. Rxd7 Rxd7 37. c6 (
37. b7 Rxb7 38. Bxb7 Qxb7 {, und Schwarz gewinnt.}) (37. Qb8+ Rd8 38. Qc7 Qg5 {
mit entscheidendem Angriff:} 39. Qf4 Qf6 {usw.}) 37... Rd1+ 38. Kg2 g5 39. Qf3
Rd2+ 40. Kh1 f4 {mit Gewinn.}) 36. b7 Rf8 (36... Re8 37. Rxd7 Qxd7 38. Qxg5+
Bg6 39. Qf4 Qd4+ 40. Kg2 Qxa4 41. b8=Q Rxb8 42. Qxb8+ Kh7 {macht keinen
Unterschied zur Partiefortsetzung.}) 37. Rxd7 Qxd7 38. Qxg5+ Bg6 39. Qf4 Qd4+
40. Kg2 Qb2+ $2 (40... Qxa4 41. b8=Q Rxb8 42. Qxb8+ Kh7 {führt zum Remis. Nach
dem Textzug gibt es keine Rettung mehr.}) 41. Kh3 fxe4 42. c6 Qb3 43. c7 Qe6+
44. Kg2 Qa2+ 45. Qf2 Qd5 46. b8=Q e3+ 47. Qf3 {Eine Partie wie aus der guten
alten Zeit!} 1-0

[Event "EU-Cup 13th Group3"]
[Site "Slough"]
[Date "1997.09.22"]
[Round "1"]
[White "Hodgson, Julian M"]
[Black "Welling, Gerard J"]
[Result "1/2-1/2"]
[WhiteElo "2590"]
[BlackElo "2355"]
[Annotator "Huebner,R"]
[PlyCount "106"]
[EventDate "1997.09.22"]
[EventType "team-k.o."]
[EventRounds "3"]
[EventCountry "ENG"]
[SourceTitle "EXT 2020"]
[Source "ChessBase"]
[SourceDate "2019.10.17"]
[SourceVersion "1"]
[SourceVersionDate "2019.10.17"]
[SourceQuality "1"]
[WhiteTeam "Breda Panfox"]
[BlackTeam "Tessenderlo OSK"]
[WhiteTeamCountry "NED"]
[BlackTeamCountry "BEL"]

1. d4 d5 2. Nf3 Bf5 3. c4 e6 4. Nc3 c6 5. Qb3 Qb6 6. c5 Qc7 7. Bf4 Qc8 8. g3
Nf6 9. Bg2 Be7 (9... h6 10. O-O Nbd7 11. Rfc1 Be7 12. Qd1 O-O 13. b4 a6 14. a4
Ne4 15. Qb3 Bf6 16. Ne5 Nxc3 17. Qxc3 Nxe5 18. dxe5 Be7 19. Be3 Qd7 20. Qb2
Rfc8 21. Bd4 Rc7 22. Ra3 Qe8 23. Rb3 Rac8 24. e3 {Lobron,E-Eliet,N/Antwerpen
op 1996/EXT 96op2/1-0 (79)}) 10. Nh4 Bg6 11. Nxg6 hxg6 12. Qc2 Nbd7 13. b4 Nh5
14. Be3 a5 15. b5 b6 16. Rc1 O-O 17. a4 Nhf6 18. O-O Ng4 19. Bf4 (19. cxb6 Nxe3
20. fxe3 Nxb6 21. bxc6 Nc4 22. Qd3 Bg5 {ist unzutunlich f�r Wei�.}) 19...
bxc5 20. dxc5 Bxc5 21. bxc6 Qxc6 22. e4 e5 23. Nxd5 (23. exd5 Qb6 24. Bg5 f6
25. Bh4 Nxf2 26. Rxf2 Bxf2+ 27. Qxf2 Qxf2+ 28. Kxf2 g5 {ist unvorteilhaft
f�r Wei�.}) 23... Qd6 ({Zu scharfem Spiel mit etwa gleichen Aussichten
f�r beide Seiten f�hrt die Fortsetzung} 23... Rac8 24. Qd1 Qe6 25. Bd2 f5)
24. Bg5 f6 25. Qe2 Nxf2 (25... Bxf2+ 26. Kh1 fxg5 27. Rc6 Qa3 28. Qxg4 Rf7 29.
Rc7 {�berl��t dem Wei�en entscheidenden Druck.}) (25... Nxh2 {kam
jedoch stark in Betracht:} 26. Kxh2 (26. Nxf6+ gxf6 27. Rfd1 Qe6 28. Kxh2 fxg5
29. Bh3 Qb3 (29... g4) 30. Rb1 Qa3 31. Qc4+ Kh8 32. Rd3 Rxf2+ 33. Bg2 (33. Kh1
Nb6 $19) 33... Qa2 (33... Nb6 34. Rxb6 Qxd3 35. Qxd3 Bxb6 36. Qd6 {mit
Remisstellung}) (33... Kg7 34. Rxd7+ Be7 35. Rb3 (35. Qe6 {scheitert an} Rh8+
36. Kg1 Qe3) 35... Qa2 36. Rxe7+ Kh6 {und Wei� ist in Schwierigkeiten:} 37.
Rbb7 {scheitert an} Rxg2+ 38. Kh3 Rh2+ 39. Kg4 Rh4+) 34. Qxa2 Rxa2 35. Rxd7
Rxa4 36. Rbb7 Bf8 {ist ebenfalls ungem�tlich f�r Wei�.}) 26... fxg5 27.
Qc4 Rf7 {mit etwa gleichem Spiel. Anscheinend kann sich Schwarz jedoch auch
nach dem Textzug halten; die folgende Abwickling ist forciert.}) 26. Be3 Bxe3
27. Nxe3 Nd3 28. Rfd1 N7c5 (28... Nxc1 29. Qc4+ $18) 29. Rxc5 Qxc5 30. Rxd3
Rfd8 31. h4 Rd4 32. Kh2 (32. Rxd4 Qxd4 (32... exd4 33. Qc4+ Qxc4 34. Nxc4 Rb8
35. e5 $13) 33. Qc4+ Kf8 $13) 32... Rad8 ({Nach} 32... Rxa4 33. Rd7 {bekommt
Wei� eine gef�hrliche Initiative.}) 33. Nd5 $6 ({Wei� mu�te} 33. Rxd4 {
versuchen, wenn er Gewinnaussichten behalten wollte.}) 33... Qc4 34. Bf1 Rxd3
$6 (34... Qxa4 {scheint mir hier keine Bedenken zu haben.}) 35. Qxd3 Qxd3 36.
Bxd3 Kf8 37. Kg2 Rb8 38. Bb5 Rc8 39. Ne3 Rc3 40. Nc4 Rc2+ 41. Kf3 Rc3+ 42. Kg4
Ke7 43. Nxa5 Ke6 44. Bc4+ Kd6 45. Bf7 f5+ 46. exf5 gxf5+ 47. Kxf5 Rf3+ 48. Kg6
Rxg3+ 49. Kh7 e4 50. Nc4+ Kc5 51. h5 e3 52. Nxe3 Rxe3 53. Kxg7 Kb4 1/2-1/2